000 01491nam0a2200313 4500
001 RU\NLR\bibl\151397
005 20260409063425.0
010 _a5-88124-050-2
_96000
021 _aRU
_b2000-45124
_92080
035 _a(NLR Aleph) 000148405
090 _a851165
_c851165
100 _a20010320d2000 |||y0rusy50 ca
101 0 _arus
102 _aRU
105 _ay |||||||||
200 1 _aГражданский процессуальный кодекс РСФСР
_eОфиц. текст по состоянию на 15 сент. 2000 г. с изм. и доп. согласно ФЗ N° 120 от 7 авг. 2000 г.
_fАссоц. авт. и изд. "Тандем"
210 _aМ.
_cЭКМОС
_d2000
215 _a128 с.
_d21
604 _171002$aРСФСР
_1500##$aГражданский процессуальный кодекс$2nlr_sh2$3RU\NLR\AUTH\661370756
_aРСФСР
_tГражданский процессуальный кодекс
_92288596
_3RU\NLR\AUTH\661370756
606 0 _aГражданский процессуальный кодекс
_yРСФСР
_9890310
_3RU\NLR\AUTH\66321908
686 1 _aХ629.2-324.9(2Р)
740 1 _aРоссийская Федерация
_tЗаконы
_iГражданский процессуальный кодекс
_3RU\NLR\AUTH\880379477
_9425338
801 0 _aRU
_bRKP
_c20010320
_gPSBO
801 1 _aRU
_bRKP
_c20010320
801 2 _aRU
_bNLR
_c20090514
_grcr
942 _cBOOK
980 _aNB